| 000 | 01404cam a22003975i 4500 | ||
|---|---|---|---|
| 001 | 17616158 | ||
| 003 | EG-ScBUE | ||
| 005 | 20220707122657.0 | ||
| 006 | m||||fq||h 00| 0 | ||
| 008 | 130206t2012 enka f 000 0 eng d | ||
| 020 | _a9781111212339 | ||
| 020 | _a1111212333 | ||
| 040 |
_aDLC _beng _erda _cDLC _dEG-ScBUE |
||
| 082 | 0 | 4 |
_222 _a428.2 _bNUT |
| 100 | 1 |
_aNuttall, Carol, _eauthor. _936027 |
|
| 245 | 1 | 0 |
_aAdvanced outcomes : _bworkbook / _cCarol Nuttall and Amanda French. |
| 264 | 1 |
_aHampshire, United Kingdom : _bHeinle, Cengage Learning EMEA, _c[2012] |
|
| 264 | 4 | _cc2012 | |
| 300 |
_a136 pages : _billustrations ; _c28 cm. + _e1 sound disc |
||
| 336 |
_2rdacontent _atext _btxt |
||
| 336 |
_2rdacontent _asounds _bsnd |
||
| 337 |
_2rdamedia _aunmediated _bn |
||
| 337 |
_2rdamedia _aaudio _bs |
||
| 338 |
_2rdacarrier _avolume _bnc |
||
| 338 |
_2rdacarrier _acomputer disc _bcd |
||
| 490 | 0 |
_aOutcomes. _areal english for the real world |
|
| 650 | 7 |
_aEnglish language _vSound recordings for foreign speakers. _936029 _2BUEsh |
|
| 650 | 7 |
_aEnglish language _xGrammar. _95501 _2BUEsh |
|
| 650 | 7 |
_aEnglish language _xSelf instruction. _919928 _2BUEsh |
|
| 650 | 7 |
_aEnglish language _xExaminations _vStudy guides. _92391 _2BUEsh |
|
| 651 | _2BUEsh | ||
| 653 |
_cJuly2014 _bHHUUEENN |
||
| 655 |
_vReading book _934232 |
||
| 700 | 1 |
_aFrench, Amanda, _eauthor. _936028 |
|
| 942 |
_2ddc _k428.2 NUT _cBB |
||
| 999 |
_c18338 _d18310 |
||